Normal view
MARC view
- Cochran, Lyle
Entry Personal Name
001 - CONTROL NUMBER
- control field: 125426
003 - CONTROL NUMBER IDENTIFIER
- control field: NUST
005 - DATE AND TIME OF LATEST TRANSACTION
- control field: 20240828122518.0
008 - FIXED-LENGTH DATA ELEMENTS
- fixed length control field: 240828|| aca||aabn | a|a d
040 ## - CATALOGING SOURCE
- Original cataloging agency: NUST
- Transcribing agency: NUST
100 ## - HEADING--PERSONAL NAME
- Personal name: Cochran, Lyle
670 ## - SOURCE DATA FOUND
- Source citation: Work cat.: (NUST)0: Briggs, William L., author. 101688, Calculus. Early transcendentals.
